00686nam a2200181Ia 4500001001000000003000500010008004100015010001100056040000900067100003400076245014600110260003500256300001000291502008700301650002900388650003700417710005000454Para_1253CHAP220125s1998 xx 000 0 und d a199961 cCHAP aHerrera Dattoli, Oscar Manuel aControl químico de la maleza en sorgo (Sorghum bicolor (L.), Moench en tres épocas de aplicación /c por Oscar Manuel Herrera Dattolli aChapingo, Méx. :b El autor a55 h. aTesis (Ing. Agr. Esp. en Parasitología Agrícola), UACh. Depto. Parasitología aMalas hierbas x control aSorgo x Malas hierbasxcontrol  aUACh. Departamento Parasitología Agrícola